00866 2200325 4500001002100000005001500021035002000036007000300056040001700059100002800076245004100104250001400145300003400159504002400193020002200217041000800239082000800247084001400255090001900269264003900288336002100327337003000348338002300378650001100401700003500412850001000447008004100457990002100498990002100519INLIS00000000000748820260602011714 a0010-0822000462ta aSBPUPADbind0 aAgus MaryotoePengarang1 aSatrawan Angkatan 45 /cAgus Maryoto a.- cet. 1 aiv, 60 hlm :bilus ;c25,3 cm aBibliografi, hlm 59 a978-979-067-057-0 aind a800 a800 AGU s a800 AGU s 24-1 a,--Semarang :bSindur Press,c2009 2rdacontentateks 2rdamediaatanpa perantara 2rdacarrieravolume 4asastra aEditor, YulianawatiePengarang aPUPAD260602 1  a26290/H/DPK/2018 a26291/H/DPK/2018